¿Qué ciudad en Cataluña? - Estadísticas

Estadísticas generales
  • Esta prueba ha sido intentada 1.223 veces
  • La puntuación promedio es 12 de 20
Estadísticas de respuestas
Pista Ciudad % Correcto
Centro cultural de la península en época romana T Tarragona
96%
Se conoce como Lleida en catalán L Lérida
93%
Su "temps de flors" se celebra cada año en mayo G Girona
92%
El aeropuerto de Barcelona se encuentra aquí (E) P El Prat de Llobregat
89%
Dar un paseo en el Shambala o el Dragon Kahn S Salou
67%
Cocapital con Sabadell T Terrassa
66%
Alberga el Museo Dalí F Figueras
65%
Antoni Gaudí nació aquí R Reus
62%
Hay cuatro volcanes en su territorio O Olot
60%
Mismo nombre que la cumbre más alta de Francia M Montblanc
59%
Famosa por el mercado medieval de su Plaza Mayor V Vic
57%
El primer tren español la unió a Barcelona M Mataró
56%
Limita con Tortosa, el delta del Ebro y el Mediterráneo A Amposta
48%
Está enclavada en Francia, en los Pirineos L Llivia
46%
Capital de la Cerdaña española P Puigcerdá
46%
Su obispo es también copríncipe de Andorra S Seo de Urgel
46%
Alberga uno de los mayores burdeles de Europa (L) J La Junquera
41%
Playas, vida nocturna y Dona Marinera L Lloret de Mar
41%
El municipio más oriental del pais C Cadaqués
35%
Ignacio de Loyola meditó allí en una cueva M Manresa
34%
No se encontraron pruebas coincidentes
Distribución de puntuación
Porcentaje de gente con cada puntuación
Porcentaje por número respondido
Historial de tus puntuaciones
No has intentado esta prueba.